Statistics for European capitals

Click here to take the quiz!

General Stats

  • This quiz has been taken 29 times
  • The average score is 32 of 41

Answer Stats

HintAnswer% Correct
GreeceAthens
100%
GermanyBerlin
100%
IrelandDublin
100%
portugalLisbon
100%
United KingdomLondon
100%
SpainMadrid
100%
NorwayOslo
100%
FranceParis
100%
ItalyRome
100%
SwedenStockholm
100%
PolandWarsaw
100%
NetherlandsAmsterdam
97%
SwitzerlandBern
97%
HungaryBudapest
97%
BulgariaSofia
97%
AustriaVienna
97%
RomaniaBucharest
93%
DenmarkCopenhagen
93%
RussiaMoscow
93%
Czech republicPrague
93%
San MarinoSan Marino
83%
CroatiaZagreb
83%
IcelandReykjavik
79%
LatviaRiga
79%
Bosnia and HerzegovinaSarajevo
79%
BelarusMinsk
76%
EstoniaTallinn
72%
SlovakiaBratislava
69%
SerbiaBelgrade
66%
SloveniaLjubljana
66%
CyprusNicosia
66%
LithuaniaVilnius
66%
MacedoniaSkopje
62%
AlbaniaTirana
62%
ArmeniaYerevan
52%
MoldovaChisinau
48%
LuxembourgLuxembourg City
45%
MaltaValletta
45%
BelgiumBrussells
34%
MonacoMonte Carlo
34%
UkraineKyiv
21%

Score Distribution

Percentile by Number Answered

Percent of People with Each Score

Your Score History

You have not taken this quiz